Science Quiz

Random Science Quiz
Score 0/10 Timer 10:00
0 Plays Today
Height Type % Correct
0 - 2 kmStratus
85.9%
0 - 13 kmCumulus
85.9%
5 - 13 kmCirrus
83.3%
0 - 13 kmCumulonimbus
80.8%
5 - 13 kmCirrostratus
66.7%
2 - 7 kmAltostratus
62.8%
0 - 13 kmNimbostratus
60.3%
2 - 7 kmAltocumulus
59%
0 - 2 kmStratocumulus
59%
5 - 13 kmCirrocumulus
57.7%
Remove Ads.
Support Sporcle.
Get the best of Sporcle when you Go Orange. This ad-free experience offers more features, more stats, and more fun while also helping to support Sporcle. Thank you for becoming a member.

You're not logged in!

Compare scores with friends on all Sporcle quizzes.
OR
Log In

Show Comments

Extras

Top Quizzes Today


Score Distribution

Your Account Isn't Verified!

In order to create a playlist on Sporcle, you need to verify the email address you used during registration. Go to your Sporcle Settings to finish the process.

Report this User

Report this user for behavior that violates our Community Guidelines.

Details: